000 00633nam a22002177b 4500
003 3228
005 20251103104309.0
008 251103b sa ||||| |||| 00| 1 AFR d
020 _a9780799330427 (hardback)
040 _aMPL
_beng
_c2000
_erda
041 _aAfrikaans
082 0 _aAF VAND
100 _9123402
_a Van den Berg, Mari
_eauthor
245 _aShonalanga /
_cMari van den Berg
250 _aTweede uitgawe
260 _aPretoria :
_bLAPA Uitgewers ,
_c1993,
_c©2002,
_c2002.
300 _a152 pages :
_c21 cm
655 0 _9189056
_aAfrikaans Fiction
655 0 _9188670
_aHuman Relations Fiction
942 _2ddc
_cBK
_w296
_xPhillipina Naude
_y296
_zPhillipina Naude
999 _c788378
_d788377